000 00593nam a2200181Ia 4500
008 100921s9999 xx 000 0 und d
082 _b76
_a891.463 थ 48
100 _aपरांजपे शकुंतला.
245 _aघराचा मालक.
260 _bदेशमुख आणि कंपनी,पुणे.
_c1948
300 _a221
_b---
365 _b5
520 _aललित-कादंबरी.
630 _aघराचा मालक.
650 _aललित-कादंबरी.
730 _aघराचा मालक.
942 _cBOOK
999 _c749189
_d749186